A. WESLEY POWELL LEARNING RESOURCE CENTRE (WPLRC)

Wonderful Place to Learn, Research & Collaborate

Joyce Jillson's 1982 astrological forecasts for all signs. (Record no. 5559)

MARC details
000 -LEADER
fixed length control field 00765nam a2200253 a 4500
001 - ACCESSION NUMBER
control field 12917
003 - CONTROL NUMBER IDENTIFIER
control field OSt
005 - DATE AND TIME OF LATEST TRANSACTION
control field 20250428112749.0
008 - FIXED-LENGTH DATA ELEMENTS--GENERAL INFORMATION
fixed length control field 811005s1981 nyu 000 0 eng
020 ## - INTERNATIONAL STANDARD BOOK NUMBER
International Standard Book Number 067142565X (pbk.) :
Terms of availability $8.95
040 ## - CATALOGING SOURCE
Original cataloging agency DLC
Transcribing agency ddc
Modifying agency DLC
050 00 - LIBRARY OF CONGRESS CALL NUMBER
Classification number BF1708.1
Item number .J54 1981
082 00 - DEWEY DECIMAL CLASSIFICATION NUMBER
Classification number 133.5/ JIL
Edition number 19
100 1# - MAIN ENTRY--PERSONAL NAME
Personal name Jillson, Joyce.
240 10 - UNIFORM TITLE
Uniform title <a href="1982 astrological forecasts for all signs.">1982 astrological forecasts for all signs.</a>
245 10 - TITLE STATEMENT
Title Joyce Jillson's 1982 astrological forecasts for all signs.
260 ## - PUBLICATION, DISTRIBUTION, ETC. (IMPRINT)
Place of publication, distribution, etc. New York :
Name of publisher, distributor, etc. Simon & Schuster,
Date of publication, distribution, etc. c1981.
300 ## - PHYSICAL DESCRIPTION
Extent 384 p. ;
Dimensions 24 cm.
500 ## - GENERAL NOTE
General note "A Wallaby book."
650 #0 - SUBJECT ADDED ENTRY--TOPICAL TERM
Topical term or geographic name as entry element Astrology.
740 0# - ADDED ENTRY--UNCONTROLLED RELATED/ANALYTICAL TITLE
Uncontrolled related/analytical title 1982 astrological forecasts for all signs.
906 ## - LOCAL DATA ELEMENT F, LDF (RLIN)
a 7
b cbc
c orignew
d 2
e ncip
f 19
g y-gencatlg
942 ## - ADDED ENTRY ELEMENTS (KOHA)
Source of classification or shelving scheme Dewey Decimal Classification
Koha item type Circ Books
Holdings
Withdrawn status Lost status Source of classification or shelving scheme Damaged status Not for loan Home library Current library Date acquired Total Checkouts Full call number Barcode Date last seen Price effective from Koha item type
Withdrawn   Dewey Decimal Classification     Wesley Powell Learning Resource Centre Wesley Powell Learning Resource Centre 03/07/2016   133.5/ JIL 12017 03/07/2016 03/07/2016 Circ Books